000 00455nam a2200181Ia 4500
003 GCL
008 140319s9999 xx 000 0 eng d
040 _aGCL /
_cGCL
082 0 4 _a746.442
_bM N
100 1 _aMC TAGUE, FLONA
245 1 0 _aNURSERY NEEDLEPOINT /
_cMC TAGUE, FLONA
260 _a[S.N] :
_bEBURY PRESS ،
_c1994
300 _a119 P
650 0 4 _aNEDDLE WORKS
650 0 4 _aDESIGN - NEEDLEPOINT
650 0 4 _aHANDWORKS
942 _2ddc
_cBK
999 _c20908
_d20908